Statistics for Boston Celtics: All-Star Selections

Click here to take the quiz!

General Stats

  • This quiz has been taken 85 times
    (36 since last reset)
  • The average score is 18 of 26

Answer Stats

Number of Selections Player % Correct
5Kevin Garnett
94%
12Bill Russell
94%
12Larry Bird
94%
10Paul Pierce
94%
7Kevin McHale
94%
13John Havlicek
91%
3Ray Allen
91%
9Robert Parish
88%
1Kemba Walker
84%
3Antoine Walker
81%
4Rajon Rondo
81%
13Bob Cousy
81%
5Sam Jones
72%
2Kyrie Irving
72%
7Jo Jo White
66%
8Dave Cowens
66%
2Isaiah Thomas
66%
1Dennis Johnson
63%
1Jason Tatum
63%
1Al Horford
59%
1Danny Ainge
53%
6Tom Heinsohn
44%
8Bill Sharman
41%
1Reggie Lewis
34%
6Ed Macauley
28%
3Tiny Archibald
28%

Score Distribution

Percentile by Number Answered

Percent of People with Each Score

Your Score History

You have not taken this quiz since the last reset